000 00585nam a2200205Ia 4500
003 IN-BaIIA
008 211028s9999 xx 000 0 eng d
020 _a978-981-4250-37-2
040 _cIIA Library
080 _a524.882
_bNAR
100 _aNarlikar, Jayant V
_912567
245 0 _aFrom black clouds to black holes
_cJayant V. Narlikar
250 _a3rd ed.
260 _aNew Jersey
_bWorld Scientific
_c2012
300 _axii, 202p.
490 _aWorld scientific series in Astronomy and Astrophysics; v. 13
650 _aBlack holes
_97728
650 _aStars
942 _cBK
999 _c18714
_d18714